| 000 | 00495cam a2200121 a 4500 | ||
|---|---|---|---|
| 082 | 0 | 0 |
_a658.404 _bMAN _cl-37-p |
| 110 |
_aCCTA the government center for information system _936280 |
||
| 245 | 0 | 0 |
_aManagement of project risk _bmanagement of risk library _cCCTA the government center for information system |
| 260 |
_aLondon. : _bCCTA the government center for information system., _cc1994. |
||
| 300 |
_avi, 154 p. : _bill. ; _c25 cm. |
||
| 526 |
_a0 _b0 _c0 _d658_404000000000000_MAN |
||
| 942 |
_2ddc _cBK |
||
| 999 |
_c541425 _d541425 |
||